Normal view
MARC view
- Kabziński, Jacek
Entry Personal Name
001 - CONTROL NUMBER
- control field: 84118
003 - CONTROL NUMBER IDENTIFIER
- control field: NUST
005 - DATE AND TIME OF LATEST TRANSACTION
- control field: 20211115093042.0
008 - FIXED-LENGTH DATA ELEMENTS
- fixed length control field: 211115|| aca||aabn | a|a d
040 ## - CATALOGING SOURCE
- Original cataloging agency: NUST
- Transcribing agency: NUST
100 ## - HEADING--PERSONAL NAME
- Personal name: Kabziński, Jacek
670 ## - SOURCE DATA FOUND
- Source citation: Work cat.: (NUST): Kabziński, Jacek, Advanced Control of Electrical Drives and Power Electronic Converters, 2017.
